000 00759cam a22002533 4500
999 _c3986
_d3986
001 (OCoLC)313670069
003 OCoLC
005 20241128081157.0
008 090309s2009 enka 000 0 eng d
020 _a9781407108322 (pbk.)
035 _a.b32785823
040 _aBTCTA
_cBTCTA
_dNLE
_dKH8
042 _anbic
082 0 4 _a930.1 ARN
_222
100 1 _aArnold, Nick.
_eAuthor
245 1 0 _aAwesome archaeology /
_cNick Arnold ; illustrated by Clive Goddard.
260 _aLondon :
_bScholastic Children's Books,
_c2009.
300 _a159 p. :
_bill. ;
_c20 cm.
500 _a"Totally"
650 0 _aArchaeological expeditions
_vJuvenile literature.
650 0 _aArchaeology
_vJuvenile literature.
700 1 _aGoddard, Clive.
942 _2ddc
_cNFIC